Normal view
MARC view
Entry Personal Name
001 - CONTROL NUMBER
- control field: 63374
003 - CONTROL NUMBER IDENTIFIER
- control field: OSt
005 - DATE AND TIME OF LATEST TRANSACTION
- control field: 20160609124756.0
008 - FIXED-LENGTH DATA ELEMENTS
- fixed length control field: 160609|| aca||aabn | a|a d
040 ## - CATALOGING SOURCE
- Original cataloging agency: OSt
- Transcribing agency: OSt
100 ## - HEADING--PERSONAL NAME
- Personal name: आलोक, सतिश
670 ## - SOURCE DATA FOUND
- Source citation: Work cat.: (OSt)30222: आलोक, सतिश , परनिंदा परमं सुरवम़ , 1996









